Statistics for 2023-24 Clippers Roster

Click here to take the quiz!

General Stats

  • This quiz has been taken 15 times
  • The average score is 7 of 18

Answer Stats

PlayerAnswer% Correct
SFKawhi Leonard
100%
SFPaul George
100%
CIvica Zubac
83%
SGJames Harden
83%
PGRussell Westbrook
83%
SGNorman Powell
58%
PGTerance Mann
50%
CMason Plumlee
42%
PGNah'Shon Hyland
25%
PFAmir Coffey
17%
CDaniel Theis
17%
PFKobe Brown
17%
PFP.J Tucker
17%
SGBrandon Boston
8%
SFJordan Miller
8%
SGJoshua Primo
8%
PFMoussa Diabate
8%
SGXavier Moon
8%

Score Distribution

Percentile by Number Answered

Percent of People with Each Score

Your Score History

You have not taken this quiz